Animorphs: (Record no. 454)

MARC details
000 -LÍDER
campo de controle de tamanho fixo 01455nam a2200325 4500
001 - NÚMERO DE CONTROLE
campo de controle 454
003 - IDENTIFICADOR DO NÚMERO DE CONTROLE
campo de controle OSt
005 - DATA E HORÁRIO DA ÚLTIMA TRANSAÇÃO
campo de controle 20250701145127.0
008 - CAMPO DE DADOS FIXOS--INFORMAÇÃO GERAL
campo de controle de tamanho fixo 250701b |||||||g |||| 00| j eng d
020 ## - ISBN - INTERNATIONAL STANDARD BOOK NUMBER
ISBN - International Standard Book Number 8532515053
040 ## - FONTE DA CATALOGAÇÃO
Idioma da catalogação por
041 ## - CÓDIGO DE IDIOMA
Código do idioma do original e/ou traduções intermediárias do texto eng
Código do idioma do texto/trilha sonora ou título diferente por
082 ## - CDD - CLASSIFICAÇÃO DECIMAL DE DEWEY
Número de Classificação 028.5
Número do exemplar A649d
100 1# - ENTRADA PRINCIPAL--NOME PESSOAL
Nome pessoal Applegate, Katherine.
Datas associadas ao nome 1956 -
240 ## - TÍTULO UNIFORME
Título uniforme Animorphs: the unkown
245 ## - TÍTULO
Título Animorphs:
Restante do título O desconhecido /
Indicação de responsabilidade, etc. Applegate, Katherine; Tradução de Regina Stela Braga
260 ## - PUBLICAÇÃO, DISTRIBUIÇÃO, ETC.
Local de publicação, distribuição, etc. Rio de Janeiro
Nome do editor, distribuidor, etc. Rocco
Data da publicação, distribuição, etc. 2003
300 ## - DESCRIÇÃO FÍSICA
Extensão 142 p.
520 ## - NOTA DE RESUMO, ETC.
Resumo, etc. Os boatos já circulavam pela cidade. alguém tinha descoberto que existia vida em outros planetas e que o grande segredo estaria escondido em uma base conhecida por Zona Noventa e Um, o lugar mais secreto da Terra. Cassie e seus amigos já conheciam todos os detalhes sobre o assunto. E descobriram que os Yeerks também tentariam chegar ao local para saber se o tal mistério atrapalharia a missão que tinham pela frente. Então os Animorphs decidiram ir até lá para visitá-los. O que acharam não era aquilo que esperavam.<br/>
650 #0 - ASSUNTO--TERMO TÓPICO
Cabeçalho tópico ou nome geográfico Literatura Americana
9 (RLIN) 84
650 #0 - ASSUNTO--TERMO TÓPICO
Cabeçalho tópico ou nome geográfico Invasão alienígena
9 (RLIN) 986
650 #0 - ASSUNTO--TERMO TÓPICO
Cabeçalho tópico ou nome geográfico Adolescentes como heróis
9 (RLIN) 987
650 #0 - ASSUNTO--TERMO TÓPICO
Cabeçalho tópico ou nome geográfico Infantojuvenil
9 (RLIN) 200
650 #0 - ASSUNTO--TERMO TÓPICO
Cabeçalho tópico ou nome geográfico Transformação em animais
9 (RLIN) 988
655 #0 - TERMO DE ÍNDICE--GÊNERO E FORMA
Gênero/forma/ou termo foco Romance
655 #0 - TERMO DE ÍNDICE--GÊNERO E FORMA
Gênero/forma/ou termo foco Ficção
700 ## - ENTRADA ADICIONADA - NOME PESSOAL
Nome pessoal Regina Stela Braga
Função do autor por extenso TRADUTOR
9 (RLIN) 989
830 ## - ENTRADA SECUNDÁRIA DE SÉRIE--TÍTULO UNIFORME
Título uniforme Animorphs
9 (RLIN) 985
Número do volume ou designação sequencial da série vol. 14
942 ## - ELEMENTOS DE ENTRADA ADICIONADOS (KOHA)
Fonte de classificação ou esquema de arquivamento Classificação decimal de Dewey
Ocultar no OPAC Não
Tipo de material Koha Livros
Holdings
Situação do descarte Situação das perdas Fonte de classificação ou esquema de arquivamento Materiais especificados (volume encadernado ou outra parte) Status danificado Não pode ser emprestado Coleção Biblioteca de origem Biblioteca atual Localização na estante Data de aquisição Fonte de aquisição Total de empréstimos Número de chamada completo Código de barras Data de último acesso Data do preço efetivo Tipo de material Koha
    Classificação decimal de Dewey vol. 14     Ficção Biblioteca Professor Eduardo Afonso de Castro Biblioteca Professor Eduardo Afonso de Castro Infanto Juvenil 01.07.2025 doação   IJ 028.5 / A649d 2025-17385 01.07.2025 01.07.2025 Livros

Powered by Koha